00623 2200229 4500001002100000005001500021035002000036245008500056100001900141250000600160300003400166260003200200082001100232084001700243020001800260650003000278990001700308990001700325990001700342990001700359990001700376INLIS00000000000065220190123041742 a0010-01190001081 aBeternak Ikan Lele :bBuku Penunjang Kegiatan dan Keterampilan /cSlamet Soeseno0 aSlamet Soeseno a- ax, 46 hlm. :bilus. ;c21 cm. aJakarta :bIntermasa,c2011 a639.31 a639.31 SLA b a979-3791-13-6 aPeternakan Ikan Air Tawar a02428/P/2018 a02429/P/2018 a02430/P/2018 a02431/P/2018 a02432/P/2018